| 000 | 01009nam a22003015a 4500 | ||
|---|---|---|---|
| 001 | 016492511 | ||
| 003 | OSt | ||
| 005 | 20151101132401.0 | ||
| 008 | 131129t2014 enk frb 001 0 eng d | ||
| 020 | _a1292022493 (pbk.) | ||
| 020 | _a9781292022499 (pbk.) | ||
| 040 |
_aStDuBDS _beng _cStDuBDS _dUk _dEG-ScBUE |
||
| 082 | 0 | 4 |
_a300.72 _bBER _222 |
| 100 | 1 |
_aBerg, Bruce L. _q(Bruce Lawrence), _d1954- _938482 |
|
| 245 | 1 | 0 |
_aQualitative research methods for the social sciences / _cBruce L. Berg, Howard Lune. |
| 250 | _a8th ed., Pearson new international ed. | ||
| 260 |
_aHarlow : _bPearson Education Limited, _cc.2014. |
||
| 300 |
_aii, 416 p. ; _c28 cm. |
||
| 500 | _aIndex : p. 411-416. | ||
| 500 | _astudent access code : My labs. | ||
| 504 | _aIncludes bibliographical references. | ||
| 650 | 7 |
_aSocial sciences _xResearch _xMethodology. _2BUEsh _920647 |
|
| 651 | _2BUEsh | ||
| 653 |
_bBUSBOL _cOctober2015 _cNovember2015 |
||
| 655 |
_vText book _933728 |
||
| 700 | 1 | _aLune, Howard. | |
| 942 | _2ddc | ||
| 999 |
_c20900 _d20872 |
||